Zoological Letters (Запис № 460136)

МАРК-запис
000 -LEADER
fixed length control field 01685nas a22003255i 4500
001 - CONTROL NUMBER
control field 2056-306X
003 - CONTROL NUMBER IDENTIFIER
control field DE-He213
005 - DATE AND TIME OF LATEST TRANSACTION
control field 20260304140538.0
007 - PHYSICAL DESCRIPTION FIXED FIELD--GENERAL INFORMATION
fixed length control field cr nn 008mamaa
008 - FIXED-LENGTH DATA ELEMENTS--GENERAL INFORMATION
fixed length control field 150723s||||||||xxkuu poo|||||| b|EN |d
022 ## - INTERNATIONAL STANDARD SERIAL NUMBER
International Standard Serial Number 2056-306X
024 7# - OTHER STANDARD IDENTIFIER
Standard number or code 40851
Source of number or code local
210 10 - ABBREVIATED TITLE
Abbreviated title Zoological Lett
245 10 - TITLE STATEMENT
Title Zoological Letters
Medium [electronic resource] /
Statement of responsibility, etc edited by Shigeru Kuratani, Takema Fukatsu, Tatsuya Hirasawa.
264 #1 -
-- London :
-- BioMed Central :
-- Imprint: BioMed Central.
300 ## - PHYSICAL DESCRIPTION
Other physical details online resource.
520 ## - SUMMARY, ETC.
Summary, etc Zoological Letters is an open access journal that publishes new and important findings in the zoological sciences. As a sister journal to Zoological Science, Zoological Letters covers a wide range of basic fields of zoology, from taxonomy to bioinformatics. We also welcome submissions of paleontology reports as part of our effort to contribute to the development of new perspectives in evolutionary zoology. Our goal is to serve as a global publishing forum for fundamental researchers in all fields of zoology.
650 #0 - SUBJECT ADDED ENTRY--TOPICAL TERM
Topical term or geographic name as entry element Zoology.
650 #0 - SUBJECT ADDED ENTRY--TOPICAL TERM
Topical term or geographic name as entry element Physiology.
650 #0 - SUBJECT ADDED ENTRY--TOPICAL TERM
Topical term or geographic name as entry element Paleontology .
650 14 - SUBJECT ADDED ENTRY--TOPICAL TERM
Topical term or geographic name as entry element Zoology.
650 24 - SUBJECT ADDED ENTRY--TOPICAL TERM
Topical term or geographic name as entry element Animal Physiology.
650 24 - SUBJECT ADDED ENTRY--TOPICAL TERM
Topical term or geographic name as entry element Paleontology.
700 1# - ADDED ENTRY--PERSONAL NAME
Personal name Kuratani, Shigeru.
Relator term editor.
Relator code edt
-- http://id.loc.gov/vocabulary/relators/edt
9 (RLIN) 23992
700 1# - ADDED ENTRY--PERSONAL NAME
Personal name Fukatsu, Takema.
Relator term editor.
Relator code edt
-- http://id.loc.gov/vocabulary/relators/edt
9 (RLIN) 23993
700 1# - ADDED ENTRY--PERSONAL NAME
Personal name Hirasawa, Tatsuya.
Relator term editor.
Relator code edt
-- http://id.loc.gov/vocabulary/relators/edt
9 (RLIN) 23994
710 2# - ADDED ENTRY--CORPORATE NAME
Corporate name or jurisdiction name as entry element SpringerLink (Online service)
856 40 - ELECTRONIC LOCATION AND ACCESS
Uniform Resource Identifier <a href="https://zoologicalletters.biomedcentral.com">https://zoologicalletters.biomedcentral.com</a>
Public note Open Access

Немає доступних примірників.